000 02056nam a22003497a 4500
001 104676
003 KnowledgeUnlatched
005 20210303105049.0
006 m o d
007 cr u||||||||||
008 210129p20182019xx o u00| u eng d
037 _5BiblioBoard
245 0 0 _aWhen populism meets nationalism
_bReflections on Parties in Power /
_cAlberto Martinelli.
020 _a9788867059027
029 1 _ahttps://library.biblioboard.com/ext/api/media/cd688c98-5112-4c3b-991f-a3047be8d1e3/assets/thumbnail.jpg
040 _aScCtBLL
_cScCtBLL
506 0 _aAccess copy available to the general public.
_fUnrestricted
_2star
700 1 _aMartinelli, Alberto
_eeditor.
264 1 _bLedizioni - LediPublishing,
300 _a1 online resource (164 p.)
520 _a"In Europe and beyond, today populism is alive and kicking. Over the past few years, anti-establishment parties have made substantial strides. Some of them have reached the levers of governments, while others are consolidating their gains. Being a "thin" ideology, populism is being contaminated by nationalism. This book offers a number of case studies on those countries whose governments have been labelled "national-populist". Ranging from Italy to the United States, from the Visegrad countries to Turkey, Russia, and Latin America, this Report aims to single out what all these cases have in common, but also what sets them apart from each other."
588 0 _aDescription based on print version record.
590 _aKU Open Services
650 7 _aPolitical Science
_2bisacsh
650 0 _aPolitical science
655 0 _aElectronic books.
758 _iIs found in:
_aKnowledge Unlatched
_1https://openresearchlibrary.org/module/2774bc74-146a-484f-a7ba-ab1d6a09bbfb
856 4 0 _uhttps://openresearchlibrary.org/content/cd688c98-5112-4c3b-991f-a3047be8d1e3
_zView this content on Open Research Library.
_70
999 _c33460
_d33460